Fools and infantrymen: one view of history (1923-1993) (Record no. 378638)

000 -LEADER
fixed length control field 00350cam a22001217a 4500
008 - FIXED-LENGTH DATA ELEMENTS--GENERAL INFORMATION
fixed length control field 180718b1995 xxu||||| |||| 00| 0 eng d
082 ## - DEWEY DECIMAL CLASSIFICATION NUMBER
Classification number A6x54 V44f
100 ## - MAIN ENTRY--PERSONAL NAME
Personal name Vas, E.A.
245 ## - TITLE STATEMENT
Title Fools and infantrymen: one view of history (1923-1993)
Statement of responsibility, etc. by E.A. Vas
260 ## - PUBLICATION, DISTRIBUTION, ETC.
Place of publication, distribution, etc. Meerut
Name of publisher, distributor, etc. Karikeya
Date of publication, distribution, etc. 1995
300 ## - PHYSICAL DESCRIPTION
Extent 297p.
650 ## - SUBJECT ADDED ENTRY--TOPICAL TERM
Topical term or geographic name entry element India - History, 1923-1993
Holdings
Withdrawn status Lost status Damaged status Not for loan Permanent Location Current Location Date acquired Full call number Barcode Date last seen Price effective from Koha item type
        Indian Institute of Public Administration Indian Institute of Public Administration 1996-03-25 A6x54 V44f 70111 2018-07-21 2018-07-21 Book

Powered by Koha